Music Quiz

Random Music or Billboard Quiz

Billboard #1's: It's All About 'You' Quiz Stats

 Plays Quiz not verified by Sporcle

Score 0/50 Timer 10:00
0 Plays Today
Hint Answer % Correct
ArtistTHE BEATLES
82.1%
2She Loves You
55.4%
ArtistMICHAEL JACKSON
44.6%
1I Will Always Love You
37.5%
ArtistWHITNEY HOUSTON
35.7%
ArtistTHE SUPREMES
33.9%
3All For You
33.3%
ArtistBEE GEES
30.4%
4Rock With You
28.6%
ArtistELVIS PRESLEY
28.6%
ArtistJANET JACKSON
28.6%
1All You Need Is Love
25%
ArtistSTEVIE WONDER
23.2%
3You Are The Sunshine Of My Life
21.4%
5Don't Stop Til You Get Enough
19.6%
1I Just Called To Say I Love You
19.6%
ArtistTHE JACKSON 5
19.6%
2The Way You Make Me Feel
17.9%
2You Should Be Dancing
17.9%
ArtistBON JOVI
17.9%
2I Want You Back
17.9%
1You Are Not Alone
16.1%
3I Just Can't Stop Loving You
16.1%
1Love You Inside Out
16.1%
2Saving All My Love For You
16.1%
Hint Answer % Correct
1You Can't Hurry Love
16.1%
3How Can You Mend A Broken Heart
14.3%
ArtistOLIVIA NEWTON-JOHN
14.3%
2You Give Love A Bad Name
14.3%
1Love Will Never Do (Without You)
12.5%
2Miss You Much
12.5%
4When I Think Of You
12.5%
1Are You Lonesome To-night
10.7%
1Have You Never Been Mellow
10.7%
2I Honestly Love You
10.7%
1I'll Be There For You
10.7%
1The Love You Save
10.7%
2You Haven't Done Nothin'
8.9%
2You Keep Me Hangin' On
8.9%
ArtistBRYAN ADAMS
8.9%
2(Everything I Do) I Do It For You
8.9%
ArtistKELLY CLARKSON
8.9%
2Stuck On You
5.4%
1Have You Ever Really Loved A Woman
5.4%
ArtistGLORIA ESTEFAN
5.4%
3I Want You, I Need You, I Love You
3.6%
1Don't Wanna Lose You
3.6%
2Anything For You
3.6%
1Stronger (What Doesn't Kill You)
1.8%
2My Life Would Suck Without You
1.8%

You're not logged in!

Compare scores with friends on all Sporcle quizzes.
OR
Log In

Sporcle TV

Today on Sporcle TV


Watch our educational content, quiz creation guides, and fun videos on Sporcle TV.

Show Comments

Extras

Top Quizzes Today


Score Distribution

Your Account Isn't Verified!

In order to create a playlist on Sporcle, you need to verify the email address you used during registration. Go to your Sporcle Settings to finish the process.

Report this User

Report this user for behavior that violates our Community Guidelines.

Details: